Ekonomie /
V knize najdete bohatství srozumitelně vysvětlených základních ekonomických pojmů, principů a důsledků rozhodování ekonomických subjektů na mikroekonomické i makroekonomické úrovni. Standardní aparát vzorců a grafů ekonomie je snížen na minimum ve prospěch vysvětlení podstaty jevů na názorných příkl...
Uloženo v:
| Hlavní autor: | |
|---|---|
| Médium: | E-kniha |
| Jazyk: | Czech |
| Vydáno: |
Praha :
E-knihy jedou,
2022
|
| Tagy: |
Žádné tagy |
| LEADER | 01482nam a22002297i 4500 | ||
|---|---|---|---|
| 001 | 311627 | ||
| 007 | ta | ||
| 008 | 260601s2022 xr ||||| |||| 00| 0 cze d | ||
| 020 | |a 9990003577214 | ||
| 044 | |a xr | ||
| 100 | 1 | |a Šumpíková, Markéta |4 aut | |
| 245 | 1 | 0 | |a Ekonomie / |c Šumpíková, Markéta |
| 264 | 1 | |a Praha : |b E-knihy jedou, |c 2022 | |
| 300 | |a 1 online zdroj (299 stran) | ||
| 336 | |a text |b txt |2 rdacontent | ||
| 337 | |a bez média |b n |2 rdamedia | ||
| 338 | |a online zdroj |b cr |2 rdacarrier | ||
| 520 | 2 | |a V knize najdete bohatství srozumitelně vysvětlených základních ekonomických pojmů, principů a důsledků rozhodování ekonomických subjektů na mikroekonomické i makroekonomické úrovni. Standardní aparát vzorců a grafů ekonomie je snížen na minimum ve prospěch vysvětlení podstaty jevů na názorných příkladech. Kniha poskytuje výchozí rámec ekonomického uvažování a umožňuje osvojit si vybrané základní nástroje ekonomické analýzy. Vhodná pro všechny, kteří chtějí porozumět ekonomii a nepotřebují k tomu podrobnou technickou analýzu. | |
| 910 | |a RBIT002 | ||
| 998 | |d 357721 |a https://core.palmknihy.cz/api/books/357721/cover?rg1tmg |b https://core.palmknihy.cz/api/books/357721/cover/400?rg1tmg |c https://core.palmknihy.cz/api/books/357721/cover/50?rg1tmg |e |g 299 |i 9990003577214 |k https://core.palmknihy.cz/api/books/357721/preview.pdf |l |q 49 |r 1 |s https://www.palmknihy.cz/kniha/357721 |t ebook |y 2022 |z 1 | ||
| 999 | |d 311625 | ||